000 00437nam a2200169Ia 4500
003 GCL
008 140319s9999 xx 000 0 eng d
040 _aGCL /
_cGCL
082 0 4 _a843
_bF C
100 1 _aFAJARDIE, FREDERIC H.
245 1 0 _aUNE CHARRETTE PLEINE D'ETOILES /
_cFAJARDIE, FREDERIC H.
260 _a[S.N] :
_bFOLIO ،
_c1991
300 _a155 P
650 0 4 _aLITERATURE
650 0 4 _aFRENCH LITERATURE
942 _2ddc
_cBK
999 _c21690
_d21690